Profesionálne divadlo očami slovenských občanov

Podrobná bibliografia
Hlavný autor: Hallon, Ľubor, 1955- (Autor)
Médium: Článok
Jazyk:slovenčina
Fyzický popis:Tab. 4
ISSN:1335-146X
Predmet:

MARC

LEADER 00000nab a2200000 a 4500
001 vtls000613194
003 SK-MaSNL
005 20260305021631.0
008 140301c1997 xo 0 slo
015 |a SNBRB19rr/mm-uuuuu 
035 |a CL0613333 
040 |a SNKBUCL  |b slo  |c SNKBUCL  |e AACR2 
041 0 |a slo 
044 |a xo  |c SK 
080 |a 792.01(437.6):792(437.6):303.424  |2 1981 
080 |a 792(437.6)  |2 1981 
080 |a 303.424  |2 1981 
100 1 |a Hallon, Ľubor,  |d 1955-  |4 aut  |9 259268 
245 1 0 |a Profesionálne divadlo očami slovenských občanov  |c Ľubomír Hallon 
300 |b Tab. 4 
650 0 7 |a kultúra divadelná  |2 snkbucl  |9 1378540 
650 0 7 |a slovenské divadlo  |2 snkbucl  |9 3370 
655 7 |a články z novín a časopisov  |2 snkbucl  |9 267496 
773 0 |t Teatro  |g Roč. 3, č. 2 (1997), s. 36-39  |x 1335-146X 
850 |a Slovenská národná knižnica v Martine  |a MTA001 
852 |a SNK  |b KIS3GCP 
958 |a SK 
958 |a RK 
992 |a RBX 
999 |c 3287310  |d 3289240